Escenaris territorials per a les regions europees : el cas de Barcelona el cas de Barcelona
ISBN:
9788492940011
Descripción Física:
112 p. : gràf., map. taules ; 30 cm
MARC
| LEADER | 00000nam a2200000Ia 4500 | ||
|---|---|---|---|
| 001 | 24166 | ||
| 008 | 160829s2011 xx 000 0 cat d | ||
| 020 | |a 9788492940011 | ||
| 080 | |a Bib-165 | ||
| 245 | |a Escenaris territorials per a les regions europees : |b el cas de Barcelona | ||
| 260 | |a Barcelona : |b Institut d'Estudis Regionals i Metropolitans de Barcelona, |c 2011 | ||
| 300 | |a 112 p. : |b gràf., map. taules ; |c 30 cm | ||
| 490 | |a Papers (Institut d'Estudis Regionals i Metropolitans de Barcelona) ; 54 | ||
| 590 | |a A la coberta: Mancomunitat de Municipis de l'Àrea Metropolitana de Barcelona, Ajuntament de Barcelona, Diputació de Barcelona, Xarxa de municipis, Generalitat de Catalunya. | ||
| 590 | |a Bibliografia. | ||
| 590 | |a Text en català i castellà | ||
| 650 | |a Previsió econòmica |x Barcelona (Àrea metropolitana) |9 49740 | ||
| 650 | |a Globalització |x Aspectes econòmics |9 49741 | ||
| 710 | |a Institut d'Estudis Regionals i Metropolitans de Barcelona |9 17648 | ||
| 710 | 1 | |a Catalunya. |b Generalitat |9 12125 | |
| 710 | 2 | |a Mancomunitat de Municipis de l'Àrea Metropolitana de Barcelona |9 6256 | |
| 710 | 1 | |a Barcelona (Catalunya). |b Ajuntament |9 50981 | |
| 710 | 1 | |a Barcelona (Catalunya : Província). |b Diputació |9 52408 | |
| 901 | |a Arxiu | ||
| 942 | |n 1 | ||
| 952 | |0 0 |1 0 |4 0 |6 BIB165 |7 1 |9 55558 |a Arxiu |b Arxiu |d 2016-12-01 |l 0 |o Bib-165 |p 24166 |r 2016-12-01 00:00:00 |w 2016-12-01 |y ARXIU | ||
| 999 | |c 59431 |d 59431 | ||